000 00751nam a2200241Ia 4500
008 180620s9999 xx 000 0 und d
020 _a978-1-58816-554-1
050 _aREF TX 731
050 _b.B58 2006
100 _aBluestein, J. Adam.
245 0 _aHandbook for hosts :
245 2 _ba practical guide to party planning and gracious entertaining /
245 0 _cfrom the editors of Town & Country; text by J. Adam Bluestein; illustrations by Jose Luis Merino.
260 _aNew York :
260 _bHearst Books,
260 _c2006
300 _a143 pages :
300 _bcolored illustrations ;
300 _c21 cm.
500 _aIncludes bibliographical references and index.
650 _aEntertaining.
650 _xParties.
999 _c358051
_d358051